000 00444nam a2200193Ia 4500
008 240510s9999 xx 000 0 und d
020 _a0008120313518
041 _aEng
082 _a006.32
082 _bA52
100 _aANDERSON ,J.A.
245 3 _aAN INTRODUCTION TO NEURAL NETWORKS
260 _bNEW DELHI : PRINTICE HALL
260 _c1995
300 _a650 p.
650 _aNEURAL NETWORKS :
942 _2ddc
942 _cLBK
999 _c21910
_d21910
945 _a1
_bMadushi Gamage
_c1
_dMadushi Gamage